Statistiken für Berühmte Personen aus Hessen

Klicken Sie hier um das Quiz zu spielen!

Allgemein

  • Dieses Quiz wurde 57 mal gespielt
  • Das Durchschnittsergebnis liegt bei 10 aus 20

Antwortstatistiken

Antwort% Korrekt
Rudi Völler
92%
Sebastian Vettel
92%
Uwe Ochsenknecht
90%
Anne Frank
88%
Johann Wolfgang von Göthe
88%
Nico Rosberg
84%
Matthias Reim
76%
Birgit Prinz
65%
Emre Can
61%
Brüder Grimm
59%
Michael Kessler
53%
Kollegah
51%
Helge Braun
37%
Ulrike Folkerts
29%
Hans Zimmer
18%
Philipp Scheidemann
14%
Brigitte Zypries
8%
Götz Otto
8%
Otto Hahn
8%
Erich Fromm
0%

Verteilung der Resultate

Perzentil nach korrekt beantworteten Fragen

Anzahl Personen mit jedem Resultat

Ihre Resultats-Entwicklung

Sie haben dieses Quiz noch nicht gespielt